00616nam a2200193Ia 4500008004100000020001500041082001700056100002400073245002000097250000700117260004300124300002700167500000700194600002100201650005000222942000700272952012800279999001500407240925s9999 xx 000 0 und d a8176356166 a005.2762 BAM aBambara, Joseph J. 0aJ2 EE Unleashed aNA aIndia:bTechmedia publicationsc,2001. axv,450p.bNAfOriginal aNA aComputer Science aComputer science, information & general works cBK 001040708CSaUITUbUITUd2003-01-04eVanguard Booksg512.46l0o005.2762 BAMpQ4995r2024-09-25 07:13:42w2024-09-25yBK c7494d7494